[Event "World Senior Teams +50"]
[Site "Radebeul GER"]
[Date "2016.07.03"]
[Round "8.13"]
[Board "2"]
[White "Rust-Lux, Klaus"]
[Black "Hutschenreiter, Joerg"]
[Result "1/2-1/2"]
[WhiteElo "2074"]
[BlackElo "2002"]
[WhiteTeam "Werder/BSG Bremen"]
[BlackTeam "SG Gruen-Weiss Dresden"]
[WhiteFideId "24682047"]
[BlackFideId "24669172"]
[EventDate "2016.06.26"]

1. d4 Nf6 2. c4 e6 3. Nc3 d5 4. Bg5 Nbd7 5. Nf3 c6 6. e3 Qa5 7. Nd2 Bb4 8. Qc2
O-O 9. Be2 e5 10. dxe5 Ne4 11. Ndxe4 dxe4 12. O-O Bxc3 13. bxc3 Nxe5 14. Be7 Re8
15. Bb4 Qc7 16. Qxe4 c5 17. Ba3 Bd7 18. Qc2 Be6 19. Qe4 Bd7 20. Qf4 f6 21. h4
Rad8 22. Rfd1 Ba4 23. Rd5 b6 24. h5 Bc6 25. Rad1 Bxd5 26. cxd5 Rd6 27. c4 Qe7
28. Qg3 f5 29. Bb2 g6 30. Qf4 Nf7 31. hxg6 hxg6 32. Bd3 Qg5 33. Qh2 Qh6 34. Qg3
Qg5 35. Qh2 Qh6 36. Qg3 1/2-1/2

[Event "World Senior Teams +50"]
[Site "Radebeul GER"]
[Date "2016.07.03"]
[Round "8.14"]
[Board "1"]
[White "Skibbe, Diana"]
[Black "Dietze, Frank"]
[Result "1/2-1/2"]
[WhiteTitle "WFM"]
[WhiteElo "2071"]
[BlackElo "2135"]
[WhiteTeam "Germany 2 Women"]
[BlackTeam "Sachsen-Anhalt"]
[WhiteFideId "4612698"]
[BlackFideId "4680979"]
[EventDate "2016.06.26"]

1. e4 c5 2. Nf3 Nc6 3. d4 cxd4 4. Nxd4 g6 5. c4 Nf6 6. Nc3 d6 7. Nc2 Bg7 8. Be2
Nd7 9. Be3 Bxc3+ 10. bxc3 O-O 11. O-O Qa5 12. Qd2 Nc5 13. f3 Na4 14. Nb4 Be6 1/2-1/2

[Event "World Senior Teams +50"]
[Site "Radebeul GER"]
[Date "2016.07.03"]
[Round "8.14"]
[Board "2"]
[White "Mikolajewski, Armin"]
[Black "Beltz, Martina"]
[Result "1/2-1/2"]
[BlackTitle "WIM"]
[WhiteElo "2076"]
[BlackElo "2053"]
[WhiteTeam "Sachsen-Anhalt"]
[BlackTeam "Germany 2 Women"]
[WhiteFideId "24611468"]
[BlackFideId "4612485"]
[EventDate "2016.06.26"]

1. d4 d5 2. c4 e6 3. Nc3 f5 4. Bf4 Nf6 5. Nf3 c6 6. e3 Ne4 7. Bd3 Nd7 8. O-O Be7
9. Be5 O-O 10. h3 Nxe5 11. Nxe5 Bd7 1/2-1/2

[Event "World Senior Teams +50"]
[Site "Radebeul GER"]
[Date "2016.07.03"]
[Round "8.14"]
[Board "3"]
[White "Kierzek, Mira"]
[Black "Katz, Roland"]
[Result "1/2-1/2"]
[WhiteTitle "WFM"]
[WhiteElo "2003"]
[BlackElo "2057"]
[WhiteTeam "Germany 2 Women"]
[BlackTeam "Sachsen-Anhalt"]
[WhiteFideId "15002110"]
[BlackFideId "4623916"]
[EventDate "2016.06.26"]

1. d4 Nf6 2. Nf3 d5 3. Bf4 Bf5 4. Nbd2 e6 5. e3 Nbd7 6. Be2 Be7 7. h3 O-O 8. O-O
Ne4 9. c4 c6 10. Ne5 Nxe5 1/2-1/2

[Event "World Senior Teams +50"]
[Site "Radebeul GER"]
[Date "2016.07.03"]
[Round "8.14"]
[Board "4"]
[White "Domaske, Andreas"]
[Black "v.d. Weth-v. Nordheim, Petra"]
[Result "1/2-1/2"]
[WhiteElo "1946"]
[BlackElo "1987"]
[WhiteTeam "Sachsen-Anhalt"]
[BlackTeam "Germany 2 Women"]
[WhiteFideId "24666319"]
[BlackFideId "24677264"]
[EventDate "2016.06.26"]

1. d4 d5 2. Nf3 e6 3. c4 c6 4. cxd5 exd5 5. g3 Nf6 6. Bg2 h6 7. Nc3 Bd6 8. O-O
O-O 9. Qc2 Re8 10. Re1 Na6 11. a3 Bg4 12. e4 dxe4 13. Nxe4 Nxe4 14. Rxe4 Bxf3 1/2-1/2

[Event "World Senior Teams +50"]
[Site "Radebeul GER"]
[Date "2016.07.03"]
[Round "8.15"]
[Board "1"]
[White "Wuttke, Hans"]
[Black "Baarslag, Ed"]
[Result "1/2-1/2"]
[WhiteElo "2140"]
[BlackElo "2098"]
[WhiteTeam "Empor Potsdam"]
[BlackTeam "Oranje 2"]
[WhiteFideId "4636120"]
[BlackFideId "1014285"]
[EventDate "2016.06.26"]

1. c4 c5 2. Nf3 Nc6 3. Nc3 g6 4. e3 Nf6 5. d4 cxd4 6. Nxd4 d5 7. Nxc6 bxc6 8.
cxd5 cxd5 9. Bb5+ Bd7 10. Qa4 e6 11. e4 Nxe4 12. Nxe4 dxe4 13. Bxd7+ Qxd7 14.
Qxe4 Rd8 15. O-O Bg7 16. Bg5 f6 17. Be3 1/2-1/2

[Event "World Senior Teams +50"]
[Site "Radebeul GER"]
[Date "2016.07.03"]
[Round "8.15"]
[Board "2"]
[White "Van Geffen, Ben"]
[Black "Jeske, Eckhard"]
[Result "1/2-1/2"]
[WhiteElo "2114"]
[BlackElo "2171"]
[WhiteTeam "Oranje 2"]
[BlackTeam "Empor Potsdam"]
[WhiteFideId "1009370"]
[BlackFideId "4641485"]
[EventDate "2016.06.26"]

1. e4 c6 2. d4 g6 3. Nd2 d5 4. Ngf3 Bg4 5. c3 Bxf3 6. Qxf3 e6 7. Bd3 Bg7 8. O-O
Nd7 9. Re1 Ne7 10. Qe2 Nf6 11. e5 Nd7 12. Nf3 c5 13. Bg5 h6 14. Bh4 g5 15. Bg3
Qb6 16. a4 O-O-O 17. a5 Qc7 18. a6 b6 19. c4 Kb8 20. cxd5 Nxd5 21. Bc4 Nf8 22.
dxc5 Ng6 23. cxb6 Nxb6 24. Bd3 Ne7 25. Rec1 Qd7 26. Bb5 Qd5 27. Rd1 Qc5 28. Rdc1
Qb4 29. h3 Ned5 30. Bc6 Ne7 31. Qe4 Qxe4 32. Bxe4 Rd7 33. Rd1 Rhd8 34. Bc2 Nc6
35. Rxd7 Rxd7 36. Be4 Nb4 1/2-1/2

[Event "World Senior Teams +50"]
[Site "Radebeul GER"]
[Date "2016.07.03"]
[Round "8.15"]
[Board "3"]
[White "Schulz, Michael1"]
[Black "Dijkstra, Matthijs"]
[Result "1-0"]
[WhiteTitle "FM"]
[WhiteElo "2127"]
[BlackElo "2034"]
[WhiteTeam "Empor Potsdam"]
[BlackTeam "Oranje 2"]
[WhiteFideId "4616731"]
[BlackFideId "1046985"]
[EventDate "2016.06.26"]

1. d4 f5 2. g4 d6 3. g5 e5 4. c3 Be7 5. dxe5 dxe5 6. Qxd8+ Bxd8 7. Bg2 Ne7 8.
Na3 O-O 9. f4 Nbc6 10. h4 e4 11. e3 Rb8 12. Bf1 a6 13. Bc4+ Kh8 14. b4 b5 15.
Bb3 a5 16. Bb2 axb4 17. cxb4 Nxb4 18. O-O-O c5 19. h5 c4 20. h6 Re8 21. hxg7+
Kg8 22. Nxc4 Be6 23. Nd6 Bxb3 24. axb3 Bb6 25. Nxe8 Bxe3+ 26. Kb1 Rxe8 27. Ne2
Nd3 28. Rh3 Bxf4 29. Rhxd3 1-0

[Event "World Senior Teams +50"]
[Site "Radebeul GER"]
[Date "2016.07.03"]
[Round "8.16"]
[Board "1"]
[White "Becker, Norbert"]
[Black "Daemering, Katrin"]
[Result "1/2-1/2"]
[BlackTitle "WFM"]
[WhiteElo "2092"]
[BlackElo "2040"]
[WhiteTeam "Rochade Bielefeld Revival"]
[BlackTeam "TSG Markkleeberg von 1903"]
[WhiteFideId "4675649"]
[BlackFideId "4612604"]
[EventDate "2016.06.26"]

1. e4 c5 2. Nf3 a6 3. c3 Nf6 4. Bd3 d6 5. Bc2 Nc6 6. O-O Bg4 7. h3 Bh5 8. d3 Ne5
9. Nbd2 Rc8 10. Qe2 e6 11. Qe3 Ned7 12. Nh2 e5 13. g4 Bg6 14. f4 exf4 15. Qxf4
h6 16. Nc4 Qc7 17. Nf3 Be7 18. Ne3 O-O 19. Nh4 Ne5 20. Nhf5 Bxf5 21. Nxf5 Ng6
22. Qg3 d5 23. Qxc7 1/2-1/2

[Event "World Senior Teams +50"]
[Site "Radebeul GER"]
[Date "2016.07.03"]
[Round "8.16"]
[Board "2"]
[White "Siebenhuener, Michael"]
[Black "Mueller, Gerhard1"]
[Result "1/2-1/2"]
[WhiteElo "2034"]
[BlackElo "2110"]
[WhiteTeam "TSG Markkleeberg von 1903"]
[BlackTeam "Rochade Bielefeld Revival"]
[WhiteFideId "4659805"]
[BlackFideId "4692829"]
[EventDate "2016.06.26"]

1. e4 c5 2. Nf3 d6 3. c4 Nf6 4. Nc3 e5 5. d3 Nc6 6. Be2 g6 7. O-O Bg7 8. Ne1 O-O
9. f4 exf4 10. Bxf4 Ne8 11. Qd2 Be6 12. Nf3 Qd7 13. Rae1 a6 14. Bd1 Rd8 15. Ba4 1/2-1/2

[Event "World Senior Teams +50"]
[Site "Radebeul GER"]
[Date "2016.07.03"]
[Round "8.16"]
[Board "3"]
[White "Beilfuss, Wilfried"]
[Black "Nuernberger, Thomas"]
[Result "1-0"]
[WhiteElo "2193"]
[BlackElo "1983"]
[WhiteTeam "Rochade Bielefeld Revival"]
[BlackTeam "TSG Markkleeberg von 1903"]
[WhiteFideId "4607856"]
[BlackFideId "12979716"]
[EventDate "2016.06.26"]

1. g3 c5 2. Bg2 Nc6 3. c4 d6 4. Nf3 e5 5. Nc3 f5 6. O-O Nf6 7. e3 Be7 8. d4 cxd4
9. exd4 e4 10. Ne1 O-O 11. f3 exf3 12. Nxf3 d5 13. Ne5 dxc4 14. Nxc6 bxc6 15.
Bxc6 Bd7 16. Bxa8 Qxa8 17. Qe2 Nd5 18. Qxc4 Be6 19. Qe2 Bf7 20. Bf4 Nxf4 21.
Rxf4 g6 22. Qxe7 1-0

[Event "World Senior Teams +50"]
[Site "Radebeul GER"]
[Date "2016.07.03"]
[Round "8.17"]
[Board "1"]
[White "Scheuermann, Bernhard"]
[Black "Westphal, Norbert"]
[Result "1-0"]
[WhiteElo "2229"]
[BlackElo "1965"]
[WhiteTeam "SV Dresden-Striesen 1990 e.V."]
[BlackTeam "BSV Chemie Radebeul"]
[WhiteFideId "16203283"]
[BlackFideId "12973610"]
[EventDate "2016.06.26"]

1. e4 Nf6 2. e5 Nd5 3. d4 d6 4. c4 Nb6 5. exd6 exd6 6. Bd3 Nc6 7. Ne2 g6 8. Nbc3
Bg7 9. Be3 Nb4 10. Bb1 Nxc4 11. Qa4+ Bd7 12. Qxb4 Nxe3 13. fxe3 O-O 14. O-O b5
15. Be4 a5 16. Qb3 c6 17. Rae1 d5 18. Bd3 f5 19. a3 Kh8 20. Qc2 Rc8 21. Kh1 c5
22. dxc5 Rxc5 23. Qb3 Be5 24. Nd4 f4 25. Nf3 Bd6 26. e4 a4 27. Qd1 dxe4 28. Bxe4
Qf6 29. Nd5 Qg7 30. Nb6 1-0

[Event "World Senior Teams +50"]
[Site "Radebeul GER"]
[Date "2016.07.03"]
[Round "8.17"]
[Board "2"]
[White "Hoffmann, Uwe1"]
[Black "Arenhoevel, Mark"]
[Result "1/2-1/2"]
[WhiteElo "1943"]
[BlackElo "2090"]
[WhiteTeam "BSV Chemie Radebeul"]
[BlackTeam "SV Dresden-Striesen 1990 e.V."]
[WhiteFideId "4680332"]
[BlackFideId "4684540"]
[EventDate "2016.06.26"]

1. d4 Nf6 2. g3 g6 3. Bg2 d5 4. Nf3 Bg7 5. c4 c6 6. Nc3 O-O 7. O-O dxc4 8. e4 b5
9. Ne5 Bb7 10. Be3 a6 11. Qe2 Nfd7 12. Rfd1 Qc7 13. Nf3 Nf6 14. Bf4 Qd8 15. Rd2
Nbd7 16. Rad1 Nb6 17. a3 e6 18. Ne5 Qe7 19. Qe3 Nfd7 20. Nxd7 Nxd7 21. d5 exd5
22. exd5 Qxe3 23. Bxe3 Bxc3 24. dxc6 Bxc6 25. Bxc6 Bxd2 26. Rxd2 Ne5 27. Bxa8
Rxa8 28. Rd5 Nd3 29. Bd4 Kf8 30. Rd7 Ke8 31. Rc7 h5 32. Bf6 Rb8 33. Re7+ Kf8 34.
Ra7 Ke8 35. Re7+ Kf8 36. Ra7 Ke8 37. Re7+ 1/2-1/2

[Event "World Senior Teams +50"]
[Site "Radebeul GER"]
[Date "2016.07.03"]
[Round "8.17"]
[Board "3"]
[White "Siegmund, Rainer"]
[Black "Muehlberg, Frank"]
[Result "1-0"]
[WhiteElo "2087"]
[BlackElo "1929"]
[WhiteTeam "SV Dresden-Striesen 1990 e.V."]
[BlackTeam "BSV Chemie Radebeul"]
[WhiteFideId "4614321"]
[BlackFideId "4680235"]
[EventDate "2016.06.26"]

1. d4 d5 2. c4 Nf6 3. cxd5 Nxd5 4. e4 Nb6 5. Nc3 g6 6. Nf3 Bg4 7. Be3 Bg7 8. Be2
O-O 9. O-O N8d7 10. Qb3 c6 11. Rfd1 Rc8 12. Rac1 e6 13. Ne1 Bxe2 14. Nxe2 Re8
15. Ng3 Kh8 16. Nf3 Qe7 17. e5 Bf8 18. a3 Nb8 19. Ne4 Qc7 20. Bg5 Nd5 21. Qd3
Nd7 22. Qd2 Be7 23. Bxe7 Rxe7 24. Nd6 Rg8 25. Ng5 Rg7 26. b4 a6 27. Nge4 N7b6
28. Nc5 Qb8 29. a4 Nc8 30. Nde4 Rg8 31. Rb1 Qc7 32. Rdc1 Qd8 33. Rb3 Rc7 34. g3
Kg7 35. Rf3 Rf8 36. Nf6 Nce7 37. g4 Rh8 38. Nce4 h6 39. Nd6 Nc8 40. Nfe4 h5 41.
g5 Nce7 42. Rxf7+ 1-0

[Event "World Senior Teams +50"]
[Site "Radebeul GER"]
[Date "2016.07.03"]
[Round "8.17"]
[Board "4"]
[White "Richter, Andreas"]
[Black "Glasewald, Stefan"]
[Result "1/2-1/2"]
[WhiteElo "1747"]
[BlackElo "2045"]
[WhiteTeam "BSV Chemie Radebeul"]
[BlackTeam "SV Dresden-Striesen 1990 e.V."]
[WhiteFideId "12975354"]
[BlackFideId "4656504"]
[EventDate "2016.06.26"]

1. d4 e6 2. c4 f5 3. Nc3 Nf6 4. g3 Be7 5. Bg2 O-O 6. Nf3 d6 7. Qc2 c6 8. e4 fxe4
9. Nxe4 Nxe4 10. Qxe4 Bf6 11. O-O d5 12. Qc2 dxc4 13. Qxc4 Qd5 14. Qc3 Qf5 15.
Bf4 Nd7 16. Be5 Nb6 17. Bxf6 Qxf6 18. Ne5 Nd5 19. Qc5 Ne7 20. Rae1 a5 21. f4 Rd8
22. Be4 Nf5 23. Bxf5 exf5 24. Nf3 Be6 25. a3 Bd5 26. Ne5 Qd6 27. Qb6 Qb8 28. Rc1
Ra6 29. Qc5 Qd6 30. Qc3 a4 31. Rfe1 Be4 32. Red1 Qd5 33. Qc5 Ra5 34. Qe7 Rb5 35.
Rd2 Rf8 36. Nd7 Ra8 37. Rc5 Rxc5 38. Nxc5 Qf7 1/2-1/2

[Event "World Senior Teams +50"]
[Site "Radebeul GER"]
[Date "2016.07.03"]
[Round "8.18"]
[Board "1"]
[White "Fegan, Chris"]
[Black "Hedin, Gunnar"]
[Result "1/2-1/2"]
[WhiteElo "2071"]
[BlackElo "2171"]
[WhiteTeam "England 3"]
[BlackTeam "Sweden"]
[WhiteFideId "410047"]
[BlackFideId "1712381"]
[EventDate "2016.06.26"]

1. e4 e6 2. d3 d5 3. Nd2 c5 4. g3 Bd6 5. Bg2 Ne7 6. f4 O-O 7. Ngf3 Nbc6 8. O-O
f6 9. Kh1 Qc7 10. a3 Bd7 11. c3 a5 12. a4 Rab8 13. Qe2 d4 14. Nc4 e5 15. f5 Kh8
16. g4 g5 17. h4 h6 18. Kg1 Kg7 19. Rf2 Nd8 20. Bd2 b6 21. Raf1 Ng8 22. Qd1 Nf7
23. Qc1 Be7 24. b3 Rfc8 25. Qa3 Qd8 26. Qc1 Rb7 27. Qe1 Be8 28. Qe2 Rc6 29. hxg5
hxg5 30. Bxg5 Nxg5 31. Nxg5 fxg5 32. Nxe5 Rh6 33. Nc4 Bc6 34. Ne5 Be8 35. Nc4
Bc6 1/2-1/2

[Event "World Senior Teams +50"]
[Site "Radebeul GER"]
[Date "2016.07.03"]
[Round "8.18"]
[Board "2"]
[White "Holst, Conny"]
[Black "Fraser-Mitchell, Jeremy N"]
[Result "1/2-1/2"]
[WhiteElo "2148"]
[BlackElo "2061"]
[WhiteTeam "Sweden"]
[BlackTeam "England 3"]
[WhiteFideId "1701428"]
[BlackFideId "405000"]
[EventDate "2016.06.26"]

1. d4 f5 2. c4 Nf6 3. Nc3 g6 4. h4 d6 5. h5 Bg7 6. h6 Bf8 7. Bg5 e6 8. e4 Be7 9.
exf5 exf5 10. Qd2 O-O 11. O-O-O c6 12. Bd3 Na6 13. Re1 Nc7 14. d5 Bd7 15. Nf3 c5
16. Re2 Rf7 17. Rhe1 Qf8 18. Bxf6 Bxf6 19. Ng5 Bxg5 20. Qxg5 Re8 21. Rxe8 Nxe8
22. f3 Nf6 23. Qe3 a6 24. Kb1 1/2-1/2

[Event "World Senior Teams +50"]
[Site "Radebeul GER"]
[Date "2016.07.03"]
[Round "8.18"]
[Board "3"]
[White "Cross, Ian K"]
[Black "Gromark, Per-Olof"]
[Result "1/2-1/2"]
[WhiteElo "1685"]
[BlackElo "2003"]
[WhiteTeam "England 3"]
[BlackTeam "Sweden"]
[WhiteFideId "470155"]
[BlackFideId "1722433"]
[EventDate "2016.06.26"]

1. d4 Nf6 2. Nf3 g6 3. c4 Bg7 4. Nc3 d5 5. e3 O-O 6. Be2 dxc4 7. Bxc4 c5 8. d5
a6 9. a4 Bf5 10. O-O Nbd7 11. Qe2 Bg4 12. e4 Ne5 13. Be3 Qc8 14. Rfd1 Bxf3 15.
gxf3 Qh3 16. Bf4 Nxf3+ 17. Kh1 Nh5 18. Rd3 Nxf4 19. Qxf3 Qxf3+ 20. Rxf3 Be5 21.
a5 Kg7 22. Na4 Rac8 23. Rb1 h6 24. Nb6 Rc7 25. Bf1 g5 26. b3 Bd4 27. Nc4 f5 28.
d6 exd6 29. Nxd6 fxe4 30. Nxe4 Re7 31. Nd6 Rd8 32. Nf5+ Kf6 33. Nxe7 Kxe7 34.
Bc4 1/2-1/2

[Event "World Senior Teams +50"]
[Site "Radebeul GER"]
[Date "2016.07.03"]
[Round "8.18"]
[Board "4"]
[White "Kirppo, Ronny"]
[Black "Majer, Chris E"]
[Result "1-0"]
[WhiteElo "1823"]
[BlackElo "1915"]
[WhiteTeam "Sweden"]
[BlackTeam "England 3"]
[WhiteFideId "1724681"]
[BlackFideId "411876"]
[EventDate "2016.06.26"]

1. d4 Nf6 2. c4 c5 3. e3 e6 4. Nc3 Be7 5. Nf3 O-O 6. Be2 d6 7. O-O b6 8. b3 Bb7
9. Qc2 Nbd7 10. Rd1 h6 11. Bb2 Rc8 12. e4 cxd4 13. Rxd4 Qc7 14. Rad1 a6 15. Bf1
Rfd8 16. Qe2 Qb8 17. h3 Qa8 18. Na4 Nxe4 19. Nd2 Nxd2 20. R4xd2 Nc5 21. Nxb6 Qb8
22. Nxc8 Qxc8 23. Qe3 Ne4 24. Rc2 Qc6 25. Rcc1 e5 26. Rc2 Bg5 27. Qd3 Bh4 28.
Bc1 Nc5 29. Qe2 Ne6 30. Be3 Bg5 31. Bxg5 Nxg5 32. Qg4 Ne6 33. Rcd2 Nf4 34. Kh2
Kf8 35. f3 Kg8 36. Bd3 Qc5 37. Be4 Bxe4 38. fxe4 Qe3 39. Qf3 Qc5 40. Qc3 Ne6 41.
Rd5 Qb6 42. R5d2 Qc5 43. b4 Qc6 44. Rd5 Qc7 45. Kh1 Nf4 46. R5d2 Qc6 47. c5 Qxe4
48. Qf3 Qxb4 49. Rxd6 Rc8 50. Rd8+ Rxd8 51. Rxd8+ Kh7 52. c6 Qe1+ 53. Kh2 Ne2
54. Qf5+ 1-0

[Event "World Senior Teams +50"]
[Site "Radebeul GER"]
[Date "2016.07.03"]
[Round "8.19"]
[Board "1"]
[White "Waschk, Armin"]
[Black "Simon, Ralf-Axel"]
[Result "0-1"]
[BlackTitle "FM"]
[WhiteElo "2183"]
[BlackElo "2113"]
[WhiteTeam "Dettmann"]
[BlackTeam "HannoBer"]
[WhiteFideId "4630866"]
[BlackFideId "4603125"]
[EventDate "2016.06.26"]

1. e4 e5 2. d4 exd4 3. Qxd4 Nc6 4. Qe3 Nf6 5. Nc3 Bb4 6. Bd2 O-O 7. O-O-O Re8 8.
Qg3 Nxe4 9. Nxe4 Rxe4 10. c3 Bd6 11. f4 Qf6 12. Nh3 Ra4 13. Bd3 g6 14. Kb1 b6
15. b3 Ra5 16. Ng5 Ba3 17. Ne4 Qg7 18. f5 Rxf5 19. Qxc7 Qe5 20. Qxe5 Nxe5 21.
Bc2 d5 22. Ng3 Rf2 23. b4 Nc4 24. Bh6 Be6 25. Bd3 Nb2 26. Bc2 Nxd1 27. Rxd1 Rxg2
28. Bd2 a5 29. b5 Rxh2 30. Be3 Bc5 31. Bxc5 bxc5 32. a4 Rg2 33. Nf1 Rg1 34. Kb2
h5 35. Bd3 h4 36. Rd2 c4 37. Be2 Rg2 38. Ne3 Rf2 0-1

[Event "World Senior Teams +50"]
[Site "Radebeul GER"]
[Date "2016.07.03"]
[Round "8.19"]
[Board "2"]
[White "Spiess, Thomas"]
[Black "Dettmann, Gerd"]
[Result "1/2-1/2"]
[WhiteElo "1985"]
[BlackElo "2187"]
[WhiteTeam "HannoBer"]
[BlackTeam "Dettmann"]
[WhiteFideId "4646959"]
[BlackFideId "4630815"]
[EventDate "2016.06.26"]

1. Nf3 c5 2. e4 e6 3. d4 cxd4 4. Nxd4 Nf6 5. Bd3 Nc6 6. Nxc6 bxc6 7. O-O d5 8.
Nd2 Be7 9. Qe2 O-O 10. b3 Bb7 11. Bb2 c5 12. e5 Nd7 13. c4 Re8 14. f4 g6 15.
Rae1 Bf8 16. Nf3 a5 17. Ng5 Bg7 18. h4 a4 19. h5 Nf8 20. hxg6 hxg6 21. cxd5 Bxd5
22. Bb5 Re7 23. Bxa4 c4 24. Ne4 Qb6+ 25. Qf2 Qxf2+ 26. Rxf2 Rb7 27. Re3 cxb3 28.
axb3 Rb4 29. Nf6+ Bxf6 30. exf6 Rab8 31. Ba3 R4b7 32. Bxf8 Rxf8 33. g4 Rc8 34.
Kh2 Rc1 35. Kg3 Rb4 36. g5 Rd4 37. Rfe2 Rdd1 38. Rf2 Rg1+ 39. Kh4 Rh1+ 40. Rh3
Rhe1 41. Bb5 Re4 42. Bd3 Rd4 43. Be2 Rc2 44. Kg4 e5 45. Re3 Be6+ 46. Kg3 exf4+
47. Rxf4 Rd5 48. Kh4 Rcc5 49. Bc4 Rxg5 50. Bxe6 fxe6 51. Rxe6 Rh5+ 52. Kg4 Rcg5+
53. Kf3 Rf5 54. Ke4 Rxf4+ 55. Kxf4 Rb5 56. Re5 Rxb3 57. Re7 Rb5 58. Rg7+ Kf8 59.
Rxg6 Kf7 60. Rh6 Rc5 1/2-1/2

[Event "World Senior Teams +50"]
[Site "Radebeul GER"]
[Date "2016.07.03"]
[Round "8.19"]
[Board "3"]
[White "Dettmann, Holger"]
[Black "Hoffmann, Michael4"]
[Result "1-0"]
[WhiteElo "2040"]
[BlackElo "1931"]
[WhiteTeam "Dettmann"]
[BlackTeam "HannoBer"]
[WhiteFideId "24636320"]
[BlackFideId "4694376"]
[EventDate "2016.06.26"]

1. d4 d5 2. Bf4 Nf6 3. Nc3 Bf5 4. Qd2 e6 5. f3 Bd6 6. O-O-O Nbd7 7. g4 Bg6 8. h4
h6 9. Nh3 Nb6 10. e3 c6 11. Bd3 Bxd3 12. cxd3 Bxf4 13. Nxf4 Qd6 14. g5 Nfd7 15.
g6 f5 16. e4 O-O-O 17. e5 Qe7 18. Kb1 Rhe8 19. Rc1 Kb8 20. Nce2 Ka8 21. Rc2 Nb8
22. Nc1 Na6 23. a3 Rc8 24. Nb3 Nd7 25. h5 b6 26. Ne2 Kb7 27. Nec1 Rc7 28. f4
Rec8 29. Na2 c5 30. Rhc1 cxd4 31. Nxd4 Ndc5 32. b4 Nd7 33. Nb5 Rxc2 34. Rxc2
Rxc2 35. Qxc2 Qd8 36. Nac3 Nc7 37. Nd6+ Kb8 38. Ne2 Ne8 39. Nd4 1-0

[Event "World Senior Teams +50"]
[Site "Radebeul GER"]
[Date "2016.07.03"]
[Round "8.20"]
[Board "1"]
[White "Mittermayr, Gerhard"]
[Black "Frick, Renato"]
[Result "1-0"]
[WhiteElo "2101"]
[BlackElo "2014"]
[WhiteTeam "Oberoesterreich"]
[BlackTeam "Liechtenstein"]
[WhiteFideId "1602233"]
[BlackFideId "12000027"]
[EventDate "2016.06.26"]

1. e4 c5 2. Nf3 d6 3. d4 cxd4 4. Nxd4 Nf6 5. Nc3 a6 6. Be3 e5 7. Nb3 Be6 8. Bg5
Be7 9. Bxf6 Bxf6 10. Nd5 O-O 11. Nxf6+ gxf6 12. Qh5 Kh8 13. O-O-O Rg8 14. Rd3
Qe7 15. Be2 Nc6 16. c3 Rad8 17. Rg3 Rg6 18. Bg4 Bxg4 19. Rxg4 Rxg4 20. Qxg4 Qe6
21. Qf3 Ne7 22. Rd1 Kg7 23. Qg3+ Kh8 24. Qh4 Ng6 25. Qg3 Nf4 26. Qf3 f5 27. exf5
Qxf5 28. g3 Qh3 29. Qxb7 Ne6 30. Qxf7 Rf8 31. Qe7 Rxf2 32. Qxd6 Rxh2 33. Qxe5+ 1-0

[Event "World Senior Teams +50"]
[Site "Radebeul GER"]
[Date "2016.07.03"]
[Round "8.20"]
[Board "2"]
[White "Kock, Hans-Uwe"]
[Black "Schulz, Peter"]
[Result "1/2-1/2"]
[WhiteTitle "FM"]
[WhiteElo "2004"]
[BlackElo "2068"]
[WhiteTeam "Liechtenstein"]
[BlackTeam "Oberoesterreich"]
[WhiteFideId "4611020"]
[BlackFideId "1614819"]
[EventDate "2016.06.26"]

1. d4 Nf6 2. c4 g6 3. Nc3 d5 4. h4 h5 5. Bg5 dxc4 6. e4 c5 7. d5 Qa5 8. Bxf6
exf6 9. Bxc4 Bd6 10. Ne2 O-O 11. O-O a6 12. a4 Nd7 13. f4 Nb6 14. Bd3 Bg4 15.
Qc1 Kg7 16. Re1 Nd7 17. Kf1 Rac8 18. b3 Qb4 19. Rb1 Rfe8 20. Nd1 b5 21. axb5
axb5 22. Nf2 Ra8 23. Nxg4 hxg4 24. g3 Ra2 25. Nc3 Ra6 26. Nd1 Nb6 27. Nf2 Ra2
28. Nxg4 Qd4 29. Qe3 Qxe3 30. Nxe3 c4 31. bxc4 Nxc4 32. Nxc4 bxc4 33. Bxc4 Rd2
34. Re2 Rxe2 35. Bxe2 Rxe4 36. Rb6 Ba3 37. Rc6 Rd4 38. Bf3 Rd2 39. Rc4 Rb2 40.
Be4 Bf8 41. Rc2 Rxc2 42. Bxc2 f5 43. Ke2 Kf6 44. Kd3 Bc5 45. Ke2 Bb4 46. Bd3 Bc5
47. Bb5 Bb4 48. Kf3 Bc5 49. g4 fxg4+ 50. Kxg4 Bd6 51. Bd3 Bc7 52. f5 Bd6 53. Bc2
Bc7 54. h5 gxf5+ 55. Bxf5 Kg7 56. Kf3 Kh8 1/2-1/2

[Event "World Senior Teams +50"]
[Site "Radebeul GER"]
[Date "2016.07.03"]
[Round "8.20"]
[Board "3"]
[White "Doppelhammer, Herbert"]
[Black "Iclicki, Willy"]
[Result "1/2-1/2"]
[WhiteElo "2040"]
[BlackElo "1970"]
[WhiteTeam "Oberoesterreich"]
[BlackTeam "Liechtenstein"]
[WhiteFideId "1608738"]
[BlackFideId "200450"]
[EventDate "2016.06.26"]

1. d4 d5 2. Bf4 c6 3. e3 Bf5 4. Bd3 Bg6 5. Ne2 e6 6. O-O Bd6 7. c4 Ne7 8. Nbc3
O-O 9. Rc1 Bxf4 10. Nxf4 Nd7 11. cxd5 cxd5 12. Bxg6 1/2-1/2

[Event "World Senior Teams +50"]
[Site "Radebeul GER"]
[Date "2016.07.03"]
[Round "8.20"]
[Board "4"]
[White "Guller, Andras"]
[Black "Obran, Harald"]
[Result "1/2-1/2"]
[WhiteTitle "CM"]
[WhiteElo "2013"]
[BlackElo "2015"]
[WhiteTeam "Liechtenstein"]
[BlackTeam "Oberoesterreich"]
[WhiteFideId "12000078"]
[BlackFideId "1605836"]
[EventDate "2016.06.26"]

1. e4 c6 2. d4 d5 3. Nd2 dxe4 4. Nxe4 Nf6 5. Nxf6+ gxf6 6. Be3 Bf5 7. Bd3 Bg6 8.
Ne2 e6 9. h4 Bd6 10. h5 Bxd3 11. Qxd3 Nd7 12. O-O-O Qa5 13. Kb1 O-O-O 14. Nc1
Qc7 15. Nb3 Bf4 16. Qe4 Bxe3 17. Qxe3 1/2-1/2